| 000 | 00714nam a2200217Ia 4500 | ||
|---|---|---|---|
| 008 | 191130s2000##################000#0#eng## | ||
| 020 | _a9783110164343 | ||
| 040 |
_aACL _cACL |
||
| 082 | _a230 BRO.2 | ||
| 100 | _aBrown, John Pairman | ||
| 245 |
_aIsrael and Hellas : sacred Institutions with roman counterparts _cJohn Pairman Brown |
||
| 260 |
_aBerlin _bWalter de Gruyter _cc2000 |
||
| 300 | _axxviii, 414 p. ; 24 cm | ||
| 500 | _aIncludes bibliographical references and index | ||
| 650 | _aGreece Civilization | ||
| 650 | _aGreek literature Relation to the Old Testament | ||
| 650 | _aJews Civilization To 70 A.D | ||
| 990 | _a42244b9eac10000c4187a17d1c59e4d8 | ||
| 991 | _a86910 | ||
| 999 |
_c221633 _d221633 |
||